000 00344nam a2200097Ia 4500
082 _a65.14 CORF
245 0 _aPreparing your own CV : how to improve your chances of getting the job you want
100 _a CORFIELD, Rebecca ** London, 1999 ** 2nd ed., reprinted 2R2 ** *
_9109358
942 _cBK
008 210825s9999 xx 000 0 und d
999 _c497752
_d497751